=LDR 00000nam 2200000 4500 =001 INLIS000000000036327 =005 20130612142125 =008 ***********************************Ind** =035 ##$$0010-061300000036327 =041 ##$$a Ind =082 ##$$a 813 =090 ##$$a 813, Tji t =100 ##$$a Tjiunata, Irene =245 ##$$a The Twins exclarge, Irene Tjiunata =260 ##$$a 2009 $b Jakarta =300 ##$$a 256 hlm, 20 cm =650 ##$$a Fiksi Indonesia =850 ##$$a NBPNMAT